HP B5 C8 - Statistics

General Stats
  • This quiz has been taken 3 times
  • The average score is 30 of 72
Answer Stats
Term Answer % Correct
Algodón Cotton
100%
Ilegalidad Illegality
100%
Párrafo Paragraph
100%
Presidencia Presidency
100%
Probabilidad Probability
100%
Dejo Aftertaste
50%
Aprobación Approval
50%
Como Máximo At Most
50%
Adusto Austere
50%
Lazo Bow
50%
Bombín Bowler Hat
50%
Saltón Bulging
50%
Cobrar Charge
50%
Cláusula Clause
50%
Cobrar Vida Come To Life
50%
Compostura Composure
50%
Condescendiente Condescending
50%
Convencimiento Convincing
50%
Enumerar Count
50%
Encubrir Cover Up
50%
Croar Croak
50%
Deshinchar Deflate
50%
Gesto Expression
50%
Flácido Flaccid
50%
Flagrante Flagrant
50%
Necio Foolish
50%
Contundencia Forcefulness
50%
Vello Fuzz
50%
Educación Good Manners
50%
Altanero Haughty
50%
Altivo Haughty
50%
Tintero Ink Pot
50%
Competencia Jurisdiction
50%
A Sabiendas Knowingly
50%
A Voz En Cuello Loudly
50%
Melena Mane
50%
Meticulosidad Meticulousness
50%
Monóculo Monocle
50%
Antelación Notice
50%
Percatar Notice
50%
Retumbante Resounding
50%
Desbocado Runaway
50%
Escribiente Scribe
50%
Cordón Shoelace
50%
Aparatoso Showy
50%
Cantarina Sing Song
50%
Estrado Stand
50%
Pegajoso Sticky
50%
Mal Genio Temper
50%
Delgaducho Thin
50%
Providencial Timely
50%
Aventurar Venture
50%
Veracidad Veracity
50%
Veredicto Verdict
50%
Apoderar Authorise
0%
Rubor Blush
0%
Estertor Death Rattle
0%
Fofo Flabby
0%
Crespo Frizzy
0%
Hecho Y Derecho Fully Fledged
0%
Sandeces Nonsense
0%
Atentado Offence
0%
Constancia Perseverance
0%
Fantasmagórico Phantasmagoric
0%
Mojigato Prudish
0%
Repeler Repel
0%
Liquidar Settle
0%
Remover Stir
0%
Apoderarse Take Control Of
0%
Atronador Thunderous
0%
Deambular Wander Around
0%
Marchito Withered
0%
No matching quizzes found
Score Distribution
Percent of People with Each Score
Percentile by Number Answered
Your Score History
You have not taken this quiz